000
00314nam a22001457a 4500
008
181018b xxu||||| |||| 00| 0 eng d
020
_a
0140044124
041
_a
eng
080
_a
616.8
082
_a
616.8
100
_a
7
101
_a
TRU
245
_a
Symposium on consciousness
_c
Lee.P.R
942
_2
udc
_c
BK
999
_c
50113
_d
50113